Quiz o roku 2020 - Statystyki

Ogólne statystyki
  • Ten quiz został rozwiązany 25 razy
  • Średni wynik to 9 z 20
Statystyki odpowiedzi
Podpowiedź Odpowiedź % Poprawnych
Według legendy miejskiej, zupa z tego zwierzęcia miała wywołać pandemię COVID-19 Nietoperz
100%
Ten kraj na początku roku nawiedziły gigantycznej skali pożary Australia
65%
Piosenka tego artysty, "Twój ból jest lepszy niż mój", doprowadziła do zakończenia kultowej listy przebojów Programu Trzeciego Polskiego Radia Kazik
55%
Koszykarz który zginął w katastrofie helikoptera Kobe Bryant
55%
Protesty i zamieszki tej organizacji nasiliły się wiosną 2020 po zabójstwie George'a Floyda. Black lives matter
50%
W tej federacji freak-fight Marcin Najman miał stoczyć ostatnią walkę w karierze, po której jednocześnie został zdyskwalifikowany Fame MMA
50%
Serial na podstawie powieści z lat 80., główną bohaterką jest Elizabeth „Beth” Harmon pragnąca zostać najlepszą szachistką na świecie Gambit Królowej
50%
Czwórka dziennikarzy, która w marcu otworzyła Kanał Sportowy - podaj przynajmniej jednego z nich Michał Pol | Mateusz Borek | Krzysztof Stanowski | Tomasz Smokowski
50%
Wyrok tej instytucji w sprawie zaostrzenia prawa aborcyjnego wywołał jedne z największych antyrządowych protestów w XXI w. w Polsce. Trybunał Konstytucyjny
50%
Pod tym sklepem odbyła się bitwa w Warszawie, podczas Marszu Niepodległości Bitwa pod Empikiem
45%
Określenie roli zabójcy w grze Among Us Impostor
45%
Singiel Taco Hemingwaya wydany na dzień przed ciszą wyborczą, do czasu kolejnych wyborów zebrał symboliczne 38 mln wyświetleń Polskie Tango
40%
Aktor który wcielił się w rolę Johhny'ego Silverhanda na potrzeby polskiej gry Cyberpunk 2077 Keanu Reeves
35%
Akcja promocyjna tej płyty Quebonafide obfitowała w całkowitą zmianę wizerunku Romantic Psycho
35%
Tenisowy turniej wielkoszlemowy we Francji, po raz pierwszy wygrany przez Igę Świątek Roland Garros / French Open
30%
Polski raper, który wskrzesił akcję charytatywną #Hot16Challenge sprzed 6 lat. Solar
30%
W tym mieście doszło do gigantycznej eksplozji 2750 ton saletry amonowej, winą obarczono skorumpowany rząd Bejrut
25%
Program socjalny "zaproponowany" przez Stanisława Żółtka na debacie prezydenckiej w TVP Info. Menelowe+
25%
Aktor grający Boczka w "Świecie Według Kiepskich", zmarły w 2020. Dariusz Gnatowski
20%
Tym terminem określano początkowe zamknięcie szkół z powodu wirusa na "dwa tygodnie" Koronaferie
15%
Nie znaleziono quizów pasujących do podanych kryteriów
Rozkład punktacji
Procent ludzi z każdym wynikiem
Percentyl według liczby udzielonych odpowiedzi
Twoja historia wyników
Nie rozwiązałeś tego quizu